000 01095nam0a22002291 4500
001 rc\3941174
005 20250610130835.0
035 _a(NLR Aleph) 007919969
090 _a8151476
_c8151476
100 _a20130415d1956 |||y0rusy50 ca
101 0 _arus
102 _aRU
105 _aa z |||||
200 1 _aМетодическое руководство к лабораторным работам по теплопередаче
_fСост. к. т. н. В.Т. Кумсков
_gСССР МПС. Моск. ордена Ленина и ордена Труд. красного знамени ин-т инженеров ж.-д. транспорта им. И.В. Сталина. Кафедра "Теплосиловые установки". Лаборатория "Теорет. основы теплотехники"
210 _aМосква
_cБ. и.
_d1956
215 _a36 с.
_cсхем.
_d20
700 1 _aКумсков
_bВ.Т.
_gВиктор Тимофеевич
_4220
801 0 _aRU
_bNLR
_gpsbo
801 1 _aRU
_bELAR
_2rusmarc
852 _aNLR
_jТ14 Г-4/2050
942 _cBOOK
980 _aNB